Riconosci il Pokémon - Quiz n°216 - Statistics

Statistiche generali
  • Questo quiz è stato fatto 2 volte
  • Il punteggio medio è 10 su 10
Statistiche sulle risposte
Indizio Risposta % Corretto
Altezza 1,5 m; 2,1 m (Megaevoluzione)
100%
Peso 256,5 kg; 350,2 kg (Megaevoluzione9
100%
Sesso 50% ♂, 50% ♀
100%
Tasso di cattura 75 (17.5%)
100%
Abilità Forza Interiore; Corpogelo; Altalena; Pellegelo (Megaevoluzione)
100%
Tipo Ghiaccio
100%
Pokémon Glalie
100%
Tasso di allevamento Medio-Veloce
100%
Stadio evoluzione Prima evoluzione
100%
Generazione Terza
100%
Nessun quiz corrispondente trovato
Distribuzione punteggi
Percentuale di utenti per punteggio
Percentile per numero di risposta
I tuoi punteggi nel tempo
Non hai fatto questo quiz